01576nam a2200397 a 4500001001200000003000800012006001900020007001500039008004100054010001700095016001600112020001500128040002100143035002100164043002100185050002300206055001000229082002500239100002600264245011700290260006700407300002300474504005100497533015200548600002100700650005300721650001700774650004900791650004900840650005200889651004800941655002900989710001701018856012601035999001701161ebr10141926CaPaEBRm u cr cn|||||||||040519s2002 quca sb 001 0deng  z 2004401193 z20029015510 z0773523766 aCaPaEBRcCaPaEBR a(OCoLC)614480251 ae------ae-fr---14aHM758b.H45 2002eb01aDC38904a320.52/0944/09042221 aHellman, John,d1940-14aThe communitarian third wayh[electronic resource] :bAlexandre Marc's Ordre Nouveau, 1930-2000 /cJohn Hellman. aMontreal ;aIthaca :bMcGill-Queen's University Press,cc2002. axi, 294 p. :bill. aIncludes bibliographical references and index. aElectronic reproduction.bPalo Alto, Calif. :cebrary,d2013.nAvailable via World Wide Web.nAccess may be limited to ebrary affiliated libraries.10aMarc, Alexandre. 0aCommunitarianismzEuropexHistoryy20th century. 0aPersonalism. 0aConservatismzEuropexHistoryy20th century. 0aConservatismzFrancexHistoryy20th century. 0aYouth movementszFrancexHistoryy20th century. 0aFrancexPolitics and governmenty1914-1940. 7aElectronic books.2local2 aebrary, Inc.40uhttp://site.ebrary.com/lib/rucke/Doc?id=10141926zAn electronic book accessible through the World Wide Web; click to view c90078d90078